000 00398nam a22001457a 4500
020 _a8120412451
082 _a620.191
_bGEO
_cD
100 _aVenkatappa Rao
_940915
245 _aGeosynthetics asia'97
_cVenkatappa Rao
260 _adelhi
_boxford & IBH Publishing
_c1997
300 _axx, 190 p.
_bill.
_c28 cm
526 _a0
_b0
_c0
_d620_191000000000000_GEO
650 _aD
_96527
942 _2ddc
_cBK
999 _c550550
_d550550